00591nam a22001817a 450000500170000001000150001702000260003203500140005803700130007208200160008510000160010124501000011726000440021727000610026130000220032250000400034470000250038420170314164610.0 aENG-117480 a9788124118887c695.00 aEN-101012 bDBAD/PUB a324.9540532 aYogesh Atal aRight turn in Indian polity :cby Yogesh Atal [and] Sunil K. ChaudharybModi on BJP's chariot / aNew DelhibHar-Anand Publicationsc2015 aE-49/3,okhla Industrial Area,Phase-IIbNew Delhie110020 a248p..b22cm(pbk) aIncluded bibliographical references aChaudhary, Sunil K.